| 000 | 00331nam a22001457a 4500 | ||
|---|---|---|---|
| 003 | SGT | ||
| 082 |
_a617.645 _bf21R |
||
| 100 | _aRashmi | ||
| 245 | _aForensic Odontology | ||
| 260 |
_aGurugram, Haryana _bSGT University _c2021 |
||
| 300 | _a78 | ||
| 650 | _aPediatric Dentistry | ||
| 653 | _aPediatric Dentistry | ||
| 942 |
_2ddc _cTH |
||
| 999 |
_c23640 _d23640 |
||